Francouzské moderní umění a česká politika v letech 1900-1939 /

Hlavní autor: Savický, Nikolaj, 1962-
Jazyk: Čeština
Vydáno: Praha : Academia, 2011
Vydání: Vyd. 1.
Témata:
Fyzický popis: 227 s. : il. (některé barev.), faksim. ; 25 cm
Knihy
Uloženo v:
LEADER 02472nam a2200661 a 4500
001 nkc20112159720
003 CZ PrNK
005 20130725111142.0
007 ta
008 110105s2011 xr ah f 001 0 cze
015 |a cnb002159720 
020 |a 978-80-200-1895-3  |q (váz.) 
035 |a (OCoLC)730406722 
040 |a ABA001  |b cze 
043 |a e-fr---  |a e-xr---  |b e-xr-pg  |2 czenas 
045 |a x0x3 
072 7 |a 72/76  |x Výtvarné umění  |2 Konspekt  |9 21 
080 |a 7.036/.038  |2 MRF 
080 |a 72/76:069.5  |2 MRF 
080 |a 304.2/.4  |2 MRF 
080 |a 316.72/.75  |2 MRF 
080 |a (44)  |2 MRF 
080 |a (437.3)  |2 MRF 
080 |a (437)  |2 MRF 
080 |a (437.311)  |2 MRF 
080 |a (048.8)  |2 MRF 
100 1 |a Savický, Nikolaj,  |d 1962-  |7 jn20000402183  |4 aut 
245 1 0 |a Francouzské moderní umění a česká politika v letech 1900-1939 /  |c Nikolaj Savický 
250 |a Vyd. 1. 
260 |a Praha :  |b Academia,  |c 2011 
300 |a 227 s. :  |b il. (některé barev.), faksim. ;  |c 25 cm 
504 |a Obsahuje bibliografii, bibliografické odkazy a rejstřík 
648 7 |a 20. století  |7 ch460558  |2 czenas 
648 4 |a 1900-1939 
648 7 |a 1918-1939  |7 ch460649  |2 czenas 
648 4 |a 1923-1937 
650 0 7 |a moderní umění  |7 ph115340  |z Francie  |2 czenas 
650 0 7 |a umělecké sbírky  |7 ph135222  |z Česko  |2 czenas 
650 0 7 |a umělecké sbírky  |7 ph135222  |x dějiny  |2 czenas 
650 0 7 |a kulturní politika  |7 ph122027  |z Československo  |y 1918-1939  |2 czenas 
650 0 9 |a modern art  |z France  |2 eczenas 
650 0 9 |a art collections  |z Czechia  |2 eczenas 
650 0 9 |a art collections  |x history  |2 eczenas 
650 0 9 |a cultural policy  |z Czechoslovakia  |y 1918-1939  |2 eczenas 
655 7 |a monografie  |7 fd132842  |2 czenas 
655 9 |a monographs  |2 eczenas 
610 2 7 |a Národní galerie (Praha, Česko).  |b Sbírka moderního a současného umění  |7 kn20030506002  |2 czenas 
651 7 |a Francie  |7 ge129152  |x kulturní vztahy  |y 20. stol.  |2 czenas 
651 7 |a Praha (Česko)  |7 ge118011  |2 czenas 
651 7 |a Česko  |7 ge128065  |x kulturní vztahy  |y 20. stol.  |2 czenas 
651 9 |a Czechia  |x cultural relations  |y 20th century  |2 eczenas 
651 9 |a France  |x cultural relations  |y 20th century  |2 eczenas 
651 9 |a Prague (Czechia)  |2 eczenas 
910 2 |a BOA001  |b 2-1267.108 
990 |a BK 
995 |a 01 
991 |b 201106  |c NOV  |e n 
996 6 |b 2610479528  |c 2-1267.108  |l MZK  |r Sklad / do 1 hodiny  |n 7  |p p.v.  |w 001182709  |u 000010  |a 1  |e BOA001  |j MZK50  |s P